000
00248pab a2200109 454500
008
180718b xxu||||| |||| 00| 0 eng d
100
_a
Kapoor, H.L.
245
_a
Combating Delhi Pollution
650
_a
Environment
773
_a
Patriot
909
_a
22608
999
_c
22608
_d
22608